Rusia en América Latina (y viceversa) /

Con la desaparición de la Unión Soviética, Rusia disminuyó su peso en la escena internacional. La relación con los países latinoamericanos, con los que el antiguo Estado ruso habla iniciado vínculos diplomáticos ya en el siglo XIX, sufrió este cambio. Sin embargo, desde mediados de la década de 1990...

Ful tanımlama

Kaydedildi:
Detaylı Bibliyografya
Yazar: Davydov, Vladimir M.
Materyal Türü: Metin
Konular:
Etiketler: Etiketle
Etiket eklenmemiş, İlk siz ekleyin!

MARC

LEADER 00000 a a2200000 04500
001 40521
003
040
100 |a Davydov, Vladimir M.  
245 |a Rusia en América Latina (y viceversa) /  |c Vladimir M. Davydov  
520 |a Con la desaparición de la Unión Soviética, Rusia disminuyó su peso en la escena internacional. La relación con los países latinoamericanos, con los que el antiguo Estado ruso habla iniciado vínculos diplomáticos ya en el siglo XIX, sufrió este cambio. Sin embargo, desde mediados de la década de 1990 el vínculo ha ido ganando fuerza: el intercambio comercial se ha ido incrementando, las visitas de jefes de Estado se multiplicaron y las asociaciones estratégicas (en especial con Brasil) se fortaleciendo. El artículo analiza los diferentes aspectos de la relación ruso-latinoamericana y sostiene que se trata de una tendencia en ascenso en el nuevo orden global.  
590 |a RRA/MARZO2011  
650 |a RELACIONES INTERNACIONALES  
650 |a RUSIA  
650 |a AMERICA LATINA  
650 |a RELACIONES ECONOMICAS  
650 |a COMERCIO EXTERIOR  
773 |g número226 (2010), páginas 4-12 : tablas  
999 |c 22123  |d 22123